New object lessons for children of all ages. (Record no. 9940)

000 -LEADER
fixed length control field 00605nam a2200181 a 4500
001 - CONTROL NUMBER
control field :::00007725$&:&@@
003 - CONTROL NUMBER IDENTIFIER
control field OkBaRHE
005 - DATE AND TIME OF LATEST TRANSACTION
control field 20110318121626.0
008 - FIXED-LENGTH DATA ELEMENTS--GENERAL INFORMATION
fixed length control field s1986 j 000 0 eng u
040 ## - CATALOGING SOURCE
Transcribing agency
100 1# - MAIN ENTRY--PERSONAL NAME
Personal name Bruinsma, Sheryl.
245 10 - TITLE STATEMENT
Title New object lessons for children of all ages.
260 ## - PUBLICATION, DISTRIBUTION, ETC. (IMPRINT)
Place of publication, distribution, etc Grand Rapids, MI., :
Name of publisher, distributor, etc Baker Book House
Date of publication, distribution, etc 1986
300 ## - PHYSICAL DESCRIPTION
Extent 125 p. : illus. ;
Dimensions 19 cm.
650 ## - SUBJECT ADDED ENTRY--TOPICAL TERM
Topical term or geographic name as entry element Object-teaching
942 ## - ADDED ENTRY ELEMENTS (KOHA)
Source of classification or shelving scheme
Koha item type Books
Copies
Date checked out Price effective from Damaged status Not for loan Full call number Copy number Withdrawn status Total Checkouts Lost status Permanent Location Shelving location Barcode Koha item type Date acquired Date last seen Source of classification or shelving scheme Current Location
2011-03-052010-04-14  BV 1535 .B731 1 RHEMA Bible Training CollegeGeneral Stacks7725Books2010-04-142011-03-18 RHEMA Bible Training College